TRENDY THINGS 2024 - Statistics

General Stats
  • This quiz has been taken 77 times
  • The average score is 4 of 15
Answer Stats
Hint Answer % Correct
Cup stanley
85%
coffer shop starbucks
78%
artist taylor swift
45%
clothing store lululemon
42%
skin care drunk elephant
40%
store target
31%
nike shoes dunks
18%
makeup brand rare beauty
18%
nike shoes air forces
17%
nike shoes blazers
17%
clothing store zara
15%
shoes converse
6%
clothing store urban outfitters
6%
nike shoes 270s
5%
drink bubblr
3%
No matching quizzes found
Score Distribution
Percent of People with Each Score
Percentile by Number Answered
Your Score History
You have not taken this quiz